000 00616nam a2200181 i 4500
001 58969
003 ES-MaACL
005 20230906163929.0
007 t|
008 031024s1965 sp ||||1| spa d
100 1 _aEhalt, Walter.
_946776
245 1 0 _aTraumatología de la infancia y adolescencia /
_cpor Walther Ehalt ; prólogo Francisco Jimeno Vidal ; [traducción Jaime Profitós Palou].
260 _aBarcelona :
_bLabor,
_c1965.
300 _aXIV, 430 p. :
_bil. ;
_c25 cm.
700 1 _aJimeno Vidal, Francisco.
_966661
700 1 _aProfitós Palou, Jaime.
_994021
852 _aES-MaACL
_jC-27568
_bR.57982
999 _c58969
_d58969